La práctica de los tratamientos térmicos de los metales industriales / (Record no. 144863)

MARC details
000 -LEADER
campo de control de longitud fija 00814nam a2200193 4500
001 - NÚMERO DE CONTROL
campo de control 144863
003 - IDENTIFICADOR DE NÚMERO DE CONTROL
campo de control ES-MaACL
005 - FECHA Y HORA DE LA ÚLTIMA TRANSACCIÓN
campo de control 20230906201120.0
007 - CAMPO FIJO DE DESCRIPCIÓN FÍSICA--INFORMACIÓN GENERAL
campo de control de longitud fija t|
008 - DATOS DE LONGITUD FIJA--INFORMACIÓN GENERAL
campo de control de longitud fija 070214s1964 sp r ||||1| spa d
100 1# - ENTRADA PRINCIPAL--NOMBRE DE PERSONA
Nombre de persona Smet, Gerard de.
9 (RLIN) 106821
245 13 - MENCIÓN DEL TÍTULO
Título La práctica de los tratamientos térmicos de los metales industriales /
Mención de responsabilidad, etc. por Gerardo de Smet ; versión española de la sexta edición francesa por José Mª Ribera Casamada.
260 ## - PUBLICACIÓN, DISTRIBUCIÓN, ETC.
Lugar de publicación, distribución, etc. Barcelona :
Nombre del editor, distribuidor, etc. Elicien,
Fecha de publicación, distribución, etc. 1964 (
Fabricante M. Pareja)
300 ## - DESCRIPCIÓN FÍSICA
Extensión XXXII, 562 p., 7 h. :
Otras características físicas il. ;
Dimensiones 22 cm.
500 ## - NOTA GENERAL
Nota general Tít. orig.: La pratique des traitements thermiques des métaux industriels.
700 1# - ENTRADA AGREGADA--NOMBRE PERSONAL
Nombre de persona Ribera Casamada, José María.
9 (RLIN) 96786
740 0# - ENTRADA AGREGADA--TÍTULO RELACIONADO/ANALÍTICO NO CONTROLADO
Título relacionado o analítico no controlado La pratique des traitements thermiques des métaux industriels.
852 ## - LOCALIZACIÓN
Ubicación ES-MaACL
Número de control de estantería C-25889
Sublocalización o colección R.54564
Holdings
Estatus retirado Estado de pérdida Estado de daño No para préstamo Biblioteca de origen Biblioteca actual Ubicación en estantería Fecha de adquisición Fuente de adquisición Total de préstamos Signatura topográfica completa Código de barras Visto por última vez Precio de reemplazo Tipo de ítem Koha
        Biblioteca del Ateneo de Madrid Biblioteca del Ateneo de Madrid Depósito 2 17/01/2008     C-25889 1151138 23/02/2023 23/02/2023 Libro impreso